000 00478 a2200181 4500
005 20260116154047.0
008 260114b |||||||| |||| 00| 0 eng d
020 _a9789390461035
_cRs. 1500.00
040 _aMAIN
082 _a796.01
_bS64I
100 _aSingh, Agya Jit
245 _aIntroduction to sports psychology
260 _bKhel Sahitya Kendra
_c2025
_aNew Delhi
300 _a326
650 _aPhysical Education
650 _aSports Psychology
942 _cBK
999 _c393711
_d393711